000 01868nam a2200397 c 4500
003 BLK
005 20230202121637.0
008 180410b bul|||||r ||||||| ||bul||
010 _aKNG00156365000
020 _a978-954-2980-04-9
_bиздат.: Славина
040 _aBLK
041 _aBUL
_cBUL
072 7 _2bullib
_aН372
_xУчебни предмети. Учебници Н
080 _aГеография в основното училище. Методика на обучението по география
_b372.891
_x(079)(075.2)
_z372.891(079)(075.2)
080 _aСтопанска география - учебни предмети
_b372.833.8:91
_x(079)(075.2)
_z372.833.8:91(079)(075.2)
100 1 _aИванов, Анко Илиев
_eпърви автор
_9253907
139 _aИванов, Анко Илиев
_bИ 21
245 1 0 _aТестове по география и икономика за VI клас (Африка, Южна и Северна Америка)
_bЗа ученици, учители, родители
_cАнко Илиев Иванов.
257 _aBGR
260 София
_bСлавина
_c2013
_fСофия : Образование и наука
300 _a128 с.
_bс табл., к., диагр.
_c24 см
380 _a3
650 4 _aГеография - тестове - учебни помагала
_9248511
650 4 _aСтопанска география - тестове
_9271779
653 _aгеография
653 _aстопанска география
653 _aикономическа география
653 _aтестове
653 _aVІ кл.
659 _aН
852 _aЦб 267965
856 4 _qpdf
_u
856 4 _qpdf
_u
942 _cKNG
_n0
_01
944 _aCR
_c07.02.2014
_lф /
_kПенка_Димитрова
944 _aED
_c11.02.2015
_lф /
_kВиолета_Тройчева
999 _c150055
_d150055